| Tag |
First Indicator |
Second Indicator |
Subfields |
| LEADER |
00000cam a2200000 a 4500 |
| 001 |
in00001406823 |
| 005 |
20151020072942.0 |
| 008 |
910913s1992 nyua j 000 0 eng |
| 010 |
|
|
|a 91032274
|
| 020 |
|
|
|a 0395613051 :
|c $13.95
|
| 035 |
|
|
|a (OCoLC)24590125
|
| 035 |
|
|
|9 AHQ3779AM
|
| 040 |
|
|
|a DLC
|c DLC
|d UtOrBLW
|
| 049 |
|
|
|a TXAG
|
| 050 |
0 |
0 |
|a QA445.5
|b .F35 1992
|
| 082 |
0 |
0 |
|a 516/15
|2 20
|
| 100 |
1 |
|
|a Falwell, Cathryn.
|
| 245 |
1 |
0 |
|a Shape space /
|c Cathryn Falwell.
|
| 264 |
|
1 |
|a New York :
|b Clarion Books,
|c [1992]
|
| 264 |
|
4 |
|c ©1992
|
| 300 |
|
|
|a 1 volume (unpaged) :
|b color illustrations ;
|c 26 cm.
|
| 336 |
|
|
|a text
|b txt
|2 rdacontent
|
| 337 |
|
|
|a unmediated
|b n
|2 rdamedia
|
| 338 |
|
|
|a volume
|b nc
|2 rdacarrier
|
| 520 |
|
|
|a A young dancer dances her way among geometric shapes.
|
| 650 |
|
0 |
|a Geometry
|v Juvenile literature.
|
| 650 |
|
1 |
|a Geometry.
|
| 650 |
|
1 |
|a Shape.
|
| 999 |
|
|
|a MARS
|
| 999 |
f |
f |
|s c20905a4-a9b8-3157-9868-322b9ad309e6
|i 9c730429-236c-3b48-a4da-d187b52d1f7b
|t 0
|
| 952 |
f |
f |
|p normal
|a Texas A&M University
|b College Station
|c Sterling C. Evans Library
|d Evans: Curriculum Collection (4th floor)
|t 0
|e QA445.5 .F35 1992
|h Library of Congress classification
|i unmediated -- volume
|m A14822370826
|
| 998 |
f |
f |
|a QA445.5 .F35 1992
|t 0
|l Evans: Curriculum Collection (4th floor)
|